000 00283nam a22001337a 4500
003 SGT
082 _a616.89
_bM18H
100 _aHAIR, JOSEPH F.
245 _aMULTIVARIATE DATA ANALYSIS
250 _a7TH
260 _aINDIA
_bPERSON
_c2018
300 _a734
942 _2ddc
_cBK
_01
999 _c15064
_d15064